000 00416nam a2200181Ia 4500
001 1986
005 20260306143809.0
008 260306t2015||||xx |||||||||||||| ||spa||
041 _aESP
082 _a158.72
_bA72
100 _aArias Gallegos,Walter L.
_eAUT
245 0 _aSíndrome de Burnout y afrontamiento
260 _c2015
300 _a
_c
650 _aGEN
654 _aCPS
942 _cLIB
_dJUS
_fJUS
_2ddc
_n
999 _c1986
_d1986